书目信息 |
| 题名: |
色谱分析法实验与习题
|
|
| 作者: | 史景江 主编 | |
| 分册: | ||
| 出版信息: | 重庆 重庆大学出版社 1993.06 |
|
| 页数: | 156页 | |
| 开本: | 32开 | |
| 丛书名: | ||
| 单 册: | ||
| 中图分类: | O657.7-44 | |
| 科图分类: | ||
| 主题词: | 分析化学 , 分析(化学) | |
| 电子资源: | ||
| ISBN: | 7-5624-0573-5 | |
| 000 | 00592nam0 2200205 45 | |
| 001 | 0008111546 | |
| 005 | 20000811153748.2 | |
| 010 | @a7-5624-0573-5@d5.50元 | |
| 100 | @a20000811d1993 km y0chiy0120 ea | |
| 101 | 0 | @achi |
| 105 | @a z 000yy | |
| 200 | 1 | @a色谱分析法实验与习题@ASe Pu Fen Xi Fa Shi Yan Yu Xi Ti@f史景江 主编@FShi Jing Jiang Zhu Bian |
| 210 | @a重庆@c重庆大学出版社@d1993.06 | |
| 215 | @a156页@d32开 | |
| 606 | 0 | @a分析化学 |
| 606 | 0 | @a分析(化学) |
| 690 | @aO657.7-44@v3 | |
| 701 | 0 | @a史景江@4主编 |
| 801 | @aCN@bPftUser@c20000811 | |
| 905 | @a10447@dO657.7-44@eSH347 | |
| 色谱分析法实验与习题/史景江 主编.-重庆:重庆大学出版社,1993.06 |
| 156页;32开 |
| ISBN 7-5624-0573-5:5.50元 |
| ● |
| 相关链接 |
|
|
|
正题名:色谱分析法实验与习题
索取号:O657.7-44/SH347
 
预约/预借
| 序号 | 登录号 | 条形码 | 馆藏地/架位号 | 状态 | 备注 |
| 1 | 104072 | 201040729 | 自科库401/401自科库 66排2列3层/ [索取号:O657.7-44/SH347] | 在馆 | |
| 2 | 104073 | 201040738 | 自科库401/401自科库 66排2列3层/ [索取号:O657.7-44/SH347] | 在馆 | |
| 3 | 104074 | 201040747 | 自科库401/401自科库 66排2列3层/ [索取号:O657.7-44/SH347] | 在馆 | |
| 4 | 104075 | 201040756 | 自科库401/401自科库 66排2列3层/ [索取号:O657.7-44/SH347] | 在馆 | |
| 5 | 104076 | 201040765 | 自科库401/401自科库 66排2列3层/ [索取号:O657.7-44/SH347] | 在馆 | |
| 6 | 104077 | 201040774 | 自科库401/401自科库 66排2列3层/ [索取号:O657.7-44/SH347] | 在馆 | |
| 7 | 104078 | 201040783 | 自科库401/401自科库 66排2列3层/ [索取号:O657.7-44/SH347] | 在馆 | |
| 8 | 104079 | 201040792 | 自科库401/401自科库 66排2列3层/ [索取号:O657.7-44/SH347] | 在馆 | |
| 9 | 104080 | 201040809 | 自科库401/401自科库 66排2列3层/ [索取号:O657.7-44/SH347] | 在馆 | |
| 10 | 104081 | 201040818 | 自科库401/401自科库 66排2列3层/ [索取号:O657.7-44/SH347] | 在馆 | |
| 11 | 361591 | 203615917 | 自科库401/401自科库 66排2列3层/ [索取号:O657.7-44/SH347] | 在馆 | |
| 12 | 361592 | 203615926 | 自科库401/401自科库 66排2列3层/ [索取号:O657.7-44/SH347] | 在馆 | |
| 13 | 361593 | 203615935 | 自科库401/401自科库 66排2列3层/ [索取号:O657.7-44/SH347] | 在馆 |